000 01233nam a2200217 4500
005 20250411170357.0
008 250411b |||||||| |||| 00| 0 eng d
020 _a9788173717147
037 _cTextual
040 _aRTL
_cRTL
084 _aB7:3 Q0
_qRTL
100 _aBertsekas, dimitri
245 _aConvex optimization theory
260 _aHyaderabad (India)
_bUniversities press (India) private LTD.
_c2010
300 _axii, 407 p. ill.
_bIncludes bibliographical reference and index
520 _aThe book, Convex Optimization Theory provides an insightful, concise and rigorous treatment of the basic theory of convex sets and functions in finite dimensions and the analytical/geometrical foundations of convex optimization and duality theory. The convexity theory is developed first in a simple accessible manner using easily visualized proofs. The focus then shifts to a transparent geometrical line of analysis to develop the fundamental duality between descriptions of convex sets and functions in terms of points and in terms of hyperplanes.
650 _aMathematical optimization
_9725587
650 _aFonctions convexes
_9752223
650 _aConvex functions
_9752224
942 _2CC
_n0
_cTB
_hB7:3 Q0
999 _c1308909
_d1308909